00790pam a2200241 a 450000100070000000500170000700800410002401000170006502000250008204000180010705000190012508200180014410000440016224500990020625000120030526000390031730000460035650000200040250400300042265000240045270000230047670000490049997053120220304173041.0850904s1986 mnua b 001 0 eng  a 85020115  a0314931473 :c$27.95 aDLCcDLCdDLC00aT56b.A63 198600a658.4/0332191 aAnderson, David R.q(David Ray),d1941-10aQuantitative methods for business /cDavid R. Anderson, Dennis J. Sweeney, Thomas A. Williams. a3rd ed. aSt. Paul :bWest Pub. Co.,cc1986. axxi, 751 p. :bill. (some col.) ;c27 cm. aIncludes index. aBibliography: p. 741-744. 0aManagement science.1 aSweeney, Dennis J.1 aWilliams, Thomas A.q(Thomas Arthur),d1944-